| 000 | 00788cam a22002055a 4500 | ||
|---|---|---|---|
| 001 | L155117 | ||
| 008 | 120302e2012 xxk 000 0 eng d | ||
| 035 | _a(Sirsi) u155117 | ||
| 041 | 0 | _aeng | |
| 100 | 1 | _aHughes, Gawain | |
| 245 | 0 | 0 | _aOn the REIT track |
| 260 | _c2012 | ||
| 490 |
_aEstates Gazette _v(1208) 25 February 2012, 90-92(3) |
||
| 520 | _aConsiders the pros and cons of proposed changes to Real Estate Investment Trusts (REITS) in the UK which are due to be introduced by the Finance Bill 2012 which is expected to receive Royal Assent in July 2012. The proposals include abolition of entry charge and relaxation of the listing requirement, | ||
| 590 | _aKA | ||
| 651 | 4 | _aUNITED KINGDOM | |
| 690 |
_aInvestments _96250 |
||
| 700 | 1 | _aVeymeylen, Charles | |
| 942 | _n0 | ||
| 999 |
_c83816 _d83816 |
||